Music Quiz

Random Music or Singers Quiz
Score 0/5 Timer 04:00
0 Plays Today
line from song title of song? % Correct
im bulletproof nothin to lose fire away fire awaytitanium
90.9%
fine light in the beautiful sea i chose to be happydiamonds
63.6%
when the sun shines we will shine togetherumberella
54.5%
you go talk to your friend talk to my friend talk to me!we are never ever ever getting back together
27.3%
on the first page of our story the future seemed so brightlove the way you lie pt.2
18.2%
Remove Ads.
Support Sporcle.
Get the best of Sporcle when you Go Orange. This ad-free experience offers more features, more stats, and more fun while also helping to support Sporcle. Thank you for becoming a member.

You're not logged in!

Compare scores with friends on all Sporcle quizzes.
OR
Log In

Show Comments

Extras

Created Dec 23, 2012ReportNominate
Tags:Artist Quiz, Singers Quiz, Rapper

Top Quizzes Today


Score Distribution

Your Account Isn't Verified!

In order to create a playlist on Sporcle, you need to verify the email address you used during registration. Go to your Sporcle Settings to finish the process.

Report this User

Report this user for behavior that violates our Community Guidelines.

Details: